Renoir /
Guardado en:
| Autor Principal: | |
|---|---|
| Formato: | Libro |
| Publicado: |
Madrid :
Libsa
|
| Materias: | |
| Etiquetas: |
Agregar Etiqueta
Sin Etiquetas, Sea el primero en etiquetar este registro!
|
| LEADER | 00500nam a22001935a 4500 | ||
|---|---|---|---|
| 001 | CEM.cems012746 | ||
| 005 | 20071106172205.0 | ||
| 008 | 130507b######################000#0#####d | ||
| 003 | CEMS | ||
| 020 | |a 847630112X | ||
| 082 | 0 | 4 | |a 759.4 |
| 100 | 1 | |a Nunhead, Nancy | |
| 245 | 1 | 0 | |a Renoir / |c Nancy Nunhead |
| 260 | |a Madrid : |b Libsa | ||
| 300 | |a 44 p. | ||
| 653 | |a Ronoir, pierre-pinacoteca | ||
| 653 | |a Pintura | ||
| 653 | |a Pintura francesa | ||
| 859 | |a CEMS |b BIB. CEMS - 11 de abril |h 759.4 |i N922 |p 24060.07 |t Ej.1 | ||
